00636nam a2200205 a 450000100060000000300090000600800410001502000150005604000280007108200150009910000230011424500570013726000490019430000110024349000300025465000350028465000360031965000320035565000430038715035CO-ViMGA141112s2004 ck r 000 u spa d a9707090019 aCO-ViMGAbspacCO-ViMGA a925.3 S1911 aSayavedra, Roberto10aEl domador de la Electricidad : bThomas Alva Edison aBogotá, cColciencias, cAlfaOmega, c2002 a110.p. aViajeros del conocimiento14aALUMBRADO ELECTRICO - HISTORIA14aALVA EDISON THOMAS, 1847 - 193114aCIENTIFICOS ESTADOUNIDENSES14aELECTRICIDAD - APARATOS E INSTRUMENTOS